| 000 | 00335nam a22001337a 4500 | ||
|---|---|---|---|
| 003 | OSt | ||
| 008 | 250109b |||||||| |||| 00| 0 eng d | ||
| 041 | _aeng | ||
| 100 |
_aSimghal, SS _96908 |
||
| 245 | _aHeat, Thermodynamics and Statistical Physics | ||
| 260 |
_bPragati Prakashan, _c1984. |
||
| 700 |
_aAgarwal, JP _96909 |
||
| 942 | _cBK | ||
| 999 |
_c19002 _d19002 |
||